TV Shows Cut Off at 'M' Quiz Stats

 Plays Quiz Updated May 14, 2019

Score 0/24 Timer 06:00
0 Plays Today
Cut Off At 'M' TV Show % Correct
HANNAHMONTANA
97.5%
BUFFY THE VAMPIRE SLAYER
96.1%
EVERYBODY LOVES RAYMOND
95.7%
ALVIN AND THE CHIPMUNKS
95.6%
21 JUMP STREET
95.2%
THREE'S COMPANY
94.8%
TOO CLOSE FOR COMFORT
92.1%
3RD ROCK FROM THE SUN
91%
DENNIS THE MENACE
88.5%
VERONICA MARS
86.1%
BOJACK HORSEMAN
84.9%
THE REN & STIMPY SHOW
84.6%
Cut Off At 'M' TV Show % Correct
60 MINUTES
83.2%
VOYAGE TO THE BOTTOM OF THE SEA
80.5%
DIAGNOSIS:MURDER
79.9%
ALLY MCBEAL
78.9%
DR. QUINN, MEDICINE WOMAN
76.1%
PERRYMASON
74.6%
THE BERNIE MAC SHOW
69.1%
UNBREAKABLE KIMMY SCHMIDT
68.8%
THE HONEYMOONERS
64.3%
DIRTY SEXYMONEY
60.3%
GUNSMOKE
56.5%
THE GHOST & MRS. MUIR
39.3%

You're not logged in!

Compare scores with friends on all Sporcle quizzes.
OR
Log In

Show Comments

Extras

Top Quizzes Today


Score Distribution

Your Account Isn't Verified!

In order to create a playlist on Sporcle, you need to verify the email address you used during registration. Go to your Sporcle Settings to finish the process.

Report this User

Report this user for behavior that violates our Community Guidelines.

Details: